Catálogo
 En Linea

El quinto poder : (Registro nro. 49552)

Detalles MARC
000 -CABECERA
campo de control de longitud fija 00837nam a22002057a 4500
003 - IDENTIFICADOR DEL NÚMERO DE CONTROL
campo de control OSt
005 - FECHA Y HORA DE LA ÚLTIMA TRANSACCIÓN
campo de control 20210519150910.0
008 - DATOS DE LONGITUD FIJA--INFORMACIÓN GENERAL
campo de control de longitud fija 210312b 2020 dr 00| 0 eng d
040 ## - FUENTE DE LA CATALOGACIÓN
Centro catalogador/agencia de origen DO-SdBNP
Lengua de catalogación spa
Centro/agencia transcriptor BNPHU
100 1# - ENTRADA PRINCIPAL--NOMBRE DE PERSONA
Nombre de persona Díaz de la Rosa, Victor
9 (RLIN) 78115
245 13 - MENCIÓN DE TÍTULO
Título El quinto poder :
Resto del título la población, unida y organizada, se empodera /
Mención de responsabilidad, etc. Victor Díaz de la Rosa ; diagramación: Luis Alberto Vélez Rijo.
260 ## - PUBLICACIÓN, DISTRIBUCIÓN, ETC.
Lugar de publicación, distribución, etc. Santo Domingo :
Nombre del editor, distribuidor, etc. 7Solutions, SRL,
Fecha de publicación, distribución, etc. 2020.
300 ## - DESCRIPCIÓN FÍSICA
Extensión 159 p. ;
Dimensiones 23 cm.
500 ## - NOTA GENERAL
Nota general Una guía para el trabajo comunitario y el Empoderamiento Social; dirigida a todos los pueblos de América Latina.
590 ## - NOTA LOCAL (RLIN)
Nota local Inventariado, 2021 /LP<br/>
590 ## - NOTA LOCAL (RLIN)
Nota local La biblioteca posee 1 ejemplar autografiado por el autor.
700 1# - PUNTO DE ACCESO ADICIONAL--NOMBRE DE PERSONA
Nombre de persona Vélez, Luis A.,
Término indicativo de función/relación diagramación
9 (RLIN) 78116
910 ## - DATOS DE OPCIÓN DEL USUARIO (OCLC)
Datos de opción del usuario LoPérez
942 ## - ELEMENTOS DE PUNTO DE ACCESO ADICIONAL (KOHA)
Fuente del sistema de clasificación o colocación Dewey Decimal Classification
Tipo de ítem Koha Libro
Existencias
Estado de retiro Estado de pérdida Fuente del sistema de clasificación o colocación Restricciones de uso No para préstamo Código de colección Localización permanente Ubicación/localización actual Ubicación en estantería Fecha de adquisición Fuente de adquisición Total de préstamos Código de barras Fecha visto por última vez Precio válido a partir de Tipo de ítem Koha Número de copia
    Dewey Decimal Classification Préstamo en sala   Monografías: Libros y Folletos Biblioteca Nacional Pedro Henríquez Ureña General Depósito 12.03.2021 Depósito Legal   2021-0796 12.03.2021 12.03.2021 Libro e. 3
    Dewey Decimal Classification Excluido de préstamo Excluido de préstamo Monografías: Libros y Folletos Biblioteca Nacional Pedro Henríquez Ureña Patrimonio Dominicano Depósito 12.03.2021 Depósito Legal   2021-0794 12.03.2021 12.03.2021 Libro  
    Dewey Decimal Classification Excluido de préstamo Préstamo restrigido Monografías: Libros y Folletos Biblioteca Nacional Pedro Henríquez Ureña Patrimonio Dominicano Depósito 12.03.2021 Depósito Legal   2021-0795 12.03.2021 12.03.2021 Libro e. 2

Con tecnología Koha